Normal view
MARC view
Entry Uniform Title
001 - CONTROL NUMBER
- control field: 24911
003 - CONTROL NUMBER IDENTIFIER
- control field: dpl
005 - DATE AND TIME OF LATEST TRANSACTION
- control field: 20101218140243.0
008 - FIXED-LENGTH DATA ELEMENTS
- fixed length control field: 101218|||a|||||| | ||| d
040 ## - CATALOGING SOURCE
- Original cataloging agency: dpl
- Transcribing agency: dpl
130 ## - HEADING--UNIFORM TITLE
- Uniform title: लोकोदय ग्न्थमाला: ग्रथांक 475
670 ## - SOURCE DATA FOUND
- Source citation: Work cat.: (dpl)40809: जयकान्तन, डी 10471, अधूरे मनुष्य /, 2007
670 ## - SOURCE DATA FOUND
- Source citation: Work cat.: (dpl)40809: जयकान्तन, डी 10471, अधूरे मनुष्य /, 2007
